| 000 | 00691nam a22002177a 4500 | ||
|---|---|---|---|
| 005 | 20170124110055.0 | ||
| 010 | _a171571 | ||
| 020 | _c00.00 | ||
| 035 | _a171571 | ||
| 037 | _bCen Lib/Ret | ||
| 040 |
_aDPL _bEN |
||
| 082 |
_a655.4 _bGLA |
||
| 100 |
_aGlaister, Geoffrey Ashall _926243 |
||
| 245 |
_aGlossary of the book : _cby Geoffrey Ashall Glaister _b terms used in paper-making, printing, bookbinding and publishing / |
||
| 260 |
_aLondon _bGeorge Allen and Unwin Ltd _c1960 |
||
| 270 | _aRuskin House, Museum Street | ||
| 300 |
_a484p. : _c26cm(Hb) _bill. |
||
| 650 |
_aBooks -- Dictionaries _926244 |
||
| 650 |
_aBooks _925991 |
||
| 942 |
_2ddc _cEN _h655.4 _mGLA |
||
| 999 |
_c129392 _d129392 |
||